[Event "5th North Sea Cup"]
[Site "Esbjerg DEN"]
[Date "1980.07.??"]
[Round "11"]
[White "Yusupov, Artur"]
[Black "Fries-Nielsen, Jens Ove"]
[Result "1-0"]
[WhiteElo "2485"]
[BlackElo "2355"]
[EventDate "1980.07.04"]
[PlyCount "113"]

1.c4 e6 2.g3 d5 3.Bg2 Nf6 4.Nf3 Be7 5.O-O O-O 6.d4 b6 7.Qc2 Bb7 8.cxd5 
exd5 9.Nc3 Na6 10.Rd1 Re8 11.a3 c5 12.dxc5 Nxc5 13.Be3 Rc8 14.Bh3 Ne6 15.
Qb3 Bc5 16.Bd4 Nxd4 17.Nxd4 Rc7 18.e3 Qb8 19.Rd2 g6 20.Rad1 Rce7 21.Bg2 
Qe5 22.Nc2 Qh5 23.Qa4 Ng4 24.h3 Nf6 25.Qf4 Re6 26.Nd4 Bxd4 27.Rxd4 Kg7 28.
h4 Ne4 29.Nxd5 Bxd5 30.Rxd5 Qe2 31.Bxe4 Rxe4 32.Qc7 Qxb2 33.Rd7 Qf6 34.
Qxa7 R4e6 35.Qb7 h5 36.R1d4 R8e7 37.Kg2 Rxd7 38.Rxd7 Qf5 39.Rd4 Qf6 40.Rf4
Qe7 41.Qa8 Qc7 42.a4 Re5 43.Rd4 Ra5 44.Qe8 Re5 45.Qa8 Ra5 46.Qe4 b5 47.Qe8
Rxa4 48.Rd8 Kf6 49.Qh8+ Kf5 50.f3 Ke6 51.Qe8+ Kf6 52.e4 Ra6 53.Qh8+ Ke7 
54.Qf8+ Kf6 55.Qh8+ Ke7 56.Re8+ Kd7 57.Qf8 1-0

[Event "5th North Sea Cup"]
[Site "Esbjerg DEN"]
[Date "1980.07.??"]
[Round "11"]
[White "Csom, Istvan"]
[Black "Mestel, Andrew Jonathan"]
[Result "0-1"]
[WhiteElo "2510"]
[BlackElo "2485"]
[EventDate "1980.07.04"]
[PlyCount "78"]

1.Nf3 c5 2.c4 b6 3.g3 Bb7 4.Bg2 Nf6 5.O-O e6 6.Nc3 Be7 7.d4 cxd4 8.Qxd4 d6
9.Rd1 a6 10.Ng5 Bxg2 11.Kxg2 Nc6 12.Qf4 Ra7 13.Nce4 Rd7 14.Nxf6+ Bxf6 15.
Nxh7 Rxh7 16.Qe4 Rh5 17.Qxc6 Rc5 18.Qe4 Qc8 19.Be3 Rxc4 20.Rac1 Rdc7 21.
Rxc4 Rxc4 22.Qf3 d5 23.b3 Rc3 24.Qh5 b5 25.Qh7 Rc7 26.Bb6 Rc6 27.Ba5 Kd7 
28.e4 d4 29.e5 Bxe5 30.Qh5 f5 31.Qf7+ Kd6 32.Bb4+ Kd5 33.Qh5 Rc3 34.f4 g6 
35.Qxg6 Rc2+ 36.Kg1 Qh8 37.h4 Bxf4 38.gxf4 Qxh4 39.Bd2 Rxd2 0-1

[Event "5th North Sea Cup"]
[Site "Esbjerg DEN"]
[Date "1980.07.??"]
[Round "11"]
[White "Jakobsen, Ole"]
[Black "Kristiansen, Jens"]
[Result "1/2-1/2"]
[WhiteElo "2410"]
[BlackElo "2430"]
[EventDate "1980.07.04"]
[PlyCount "47"]

1.d4 Nf6 2.c4 e6 3.Nf3 b6 4.a3 c5 5.e3 Be7 6.Nc3 O-O 7.d5 exd5 8.cxd5 d6 
9.e4 Nbd7 10.Be2 Ne8 11.O-O g6 12.Bh6 Ng7 13.Nd2 a6 14.a4 Bf6 15.f4 Bd4+ 
16.Kh1 f5 17.Nc4 Nf6 18.e5 dxe5 19.Nxe5 Bb7 20.Nc6 Bxc6 21.dxc6 Ne4 22.
Nxe4 fxe4 23.Qc2 Re8 24.Bc4+ 1/2-1/2

[Event "5th North Sea Cup"]
[Site "Esbjerg DEN"]
[Date "1980.07.??"]
[Round "12"]
[White "Plachetka, Jan"]
[Black "Iskov, Gert"]
[Result "1/2-1/2"]
[WhiteElo "2480"]
[BlackElo "2400"]
[EventDate "1980.07.04"]
[PlyCount "53"]

1.Nf3 d5 2.g3 g6 3.Bg2 Bg7 4.c4 c6 5.cxd5 cxd5 6.d4 Nc6 7.O-O Nh6 8.Bxh6 
Bxh6 9.Nc3 Bg7 10.e3 O-O 11.Rc1 e6 12.Na4 Bd7 13.Nc5 b6 14.Nxd7 Qxd7 15.
Qa4 Rfc8 16.Ne1 Qb7 17.Nd3 Na5 18.h4 h5 19.Bf3 Bf8 20.Ne5 Bd6 21.b4 Bxe5 
22.bxa5 Bd6 23.a6 Qe7 24.e4 Rxc1 25.Rxc1 dxe4 26.Bxe4 Rd8 27.Kg2 1/2-1/2

[Event "5th North Sea Cup"]
[Site "Esbjerg DEN"]
[Date "1980.07.??"]
[Round "12"]
[White "Mortensen, Erling"]
[Black "Jakobsen, Ole"]
[Result "1/2-1/2"]
[WhiteElo "2400"]
[BlackElo "2410"]
[EventDate "1980.07.04"]
[PlyCount "71"]

1.Nf3 Nf6 2.c4 e6 3.Nc3 Bb4 4.Qc2 O-O 5.e4 d6 6.Be2 Bxc3 7.dxc3 e5 8.Bg5 
h6 9.Bh4 Qe8 10.Bxf6 gxf6 11.Nd2 Nc6 12.Nf1 Ne7 13.Ne3 Kh7 14.Bg4 Rg8 15.
Qe2 Bxg4 16.Nxg4 Rg6 17.Qf3 Kg7 18.h4 h5 19.Ne3 Qc6 20.Rh3 Rg8 21.O-O-O 
Kf8 22.a3 a5 23.g3 b6 24.Rhh1 f5 25.Nxf5 Nxf5 26.Qxf5 Qxc4 27.Rhe1 Rh6 28.
Re3 Qe6 29.Rf3 Qxf5 30.Rxf5 Rg4 31.Re1 Ke7 32.Kd2 Rf6 33.Rxf6 Kxf6 34.Re3 
Ke6 35.Kd3 d5 36.exd5+ 1/2-1/2

[Event "5th North Sea Cup"]
[Site "Esbjerg DEN"]
[Date "1980.07.??"]
[Round "12"]
[White "Fries-Nielsen, Jens Ove"]
[Black "Savon, Vladimir"]
[Result "1/2-1/2"]
[WhiteElo "2355"]
[BlackElo "2510"]
[EventDate "1980.07.04"]
[PlyCount "30"]

1.d4 Nf6 2.Nf3 g6 3.g3 Bg7 4.Bg2 c5 5.d5 O-O 6.O-O d6 7.c4 Bf5 8.Nc3 Qd7 
9.Ne1 Bh3 10.Nd3 Bxg2 11.Kxg2 Na6 12.e4 Nc7 13.a4 Nfe8 14.Bd2 e6 15.a5 
exd5 1/2-1/2

[Event "5th North Sea Cup"]
[Site "Esbjerg DEN"]
[Date "1980.07.??"]
[Round "12"]
[White "Mestel, Andrew Jonathan"]
[Black "Fuller, Maxwell"]
[Result "1/2-1/2"]
[WhiteElo "2485"]
[BlackElo "2355"]
[EventDate "1980.07.04"]
[PlyCount "81"]

1.e4 e6 2.d4 d5 3.Nd2 Be7 4.Ngf3 Nf6 5.e5 Ne4 6.Bd3 Nxd2 7.Bxd2 b6 8.b4 c5
9.c3 Nc6 10.Rb1 Bd7 11.O-O cxb4 12.cxb4 a5 13.bxa5 bxa5 14.Bb5 Nb4 15.Qa4 
Bxb5 16.Qxb5+ Qd7 17.Qxd7+ Kxd7 18.a3 Nc6 19.Rb7+ Kc8 20.Rfb1 h6 21.a4 Rd8
22.R1b5 Ra6 23.Kf1 Rd7 24.Rxd7 Kxd7 25.Ke2 Bd8 26.Bc3 Rb6 27.Rxb6 Bxb6 28.
g4 Bd8 29.Nd2 g6 30.Nb3 Bb6 31.Kd3 Ke7 32.Bb2 f5 33.gxf5 gxf5 34.Nc1 Kf7 
35.Ne2 Nb4+ 36.Kc3 Nc6 37.Bc1 Kg6 38.Be3 Bd8 39.Nf4+ Kf7 40.Nd3 Bb6 41.Nf4
1/2-1/2

[Event "5th North Sea Cup"]
[Site "Esbjerg DEN"]
[Date "1980.07.??"]
[Round "12"]
[White "Kristiansen, Jens"]
[Black "Csom, Istvan"]
[Result "1-0"]
[WhiteElo "2430"]
[BlackElo "2510"]
[EventDate "1980.07.04"]
[PlyCount "83"]

1.e4 c5 2.Nf3 d6 3.d4 cxd4 4.Nxd4 Nf6 5.Nc3 Nc6 6.Bc4 Qb6 7.Nb3 e6 8.O-O 
Be7 9.Bd3 a6 10.a4 Qc7 11.f4 Nb4 12.Be3 e5 13.a5 Bg4 14.Be2 Bxe2 15.Qxe2 
O-O 16.Ra4 d5 17.fxe5 Nxe4 18.Rxb4 Nxc3 19.bxc3 Bxb4 20.cxb4 Qxe5 21.Qf2 
f6 22.Bd4 Qc7 23.Nc5 Rfe8 24.c3 Rad8 25.Qf5 Qf7 26.Qg4 Kh8 27.h4 Re7 28.h5
h6 29.Qf5 Rde8 30.Nd3 Kg8 31.Nf4 Re1 32.Qxd5 Qxd5 33.Nxd5 Rxf1+ 34.Kxf1 
Re4 35.g3 Rg4 36.Kf2 Kf7 37.Nf4 Ke7 38.Kf3 Rg5 39.c4 f5 40.b5 Kd7 41.bxa6 
bxa6 42.Bf2 1-0

[Event "5th North Sea Cup"]
[Site "Esbjerg DEN"]
[Date "1980.07.??"]
[Round "12"]
[White "Sloth, Joern"]
[Black "Fries-Nielsen, Niels Joergen"]
[Result "1-0"]
[WhiteElo "2385"]
[BlackElo "2315"]
[EventDate "1980.07.04"]
[PlyCount "79"]

1.c4 f5 2.d4 g6 3.g3 Nf6 4.Bg2 Bg7 5.Nf3 O-O 6.Nc3 d6 7.d5 c6 8.O-O e5 9.
dxe6 Bxe6 10.b3 Na6 11.Ng5 Qe7 12.Ba3 Nc5 13.Nxe6 Qxe6 14.Qc2 Rfe8 15.Rad1
Rad8 16.e3 Qe5 17.Bb2 Qe6 18.Ne2 Nce4 19.Bd4 a6 20.h3 Rd7 21.Rd3 Ng5 22.
Rfd1 Nf7 23.Qb2 Nh5 24.Nf4 Nxf4 25.gxf4 Bxd4 26.Qxd4 Rc8 27.b4 b5 28.Rc3 
bxc4 29.Rxc4 Rdc7 30.Rdc1 c5 31.Bd5 Qe7 32.Qc3 h6 33.Qa3 Kg7 34.Qxa6 Rb8 
35.Qa3 g5 36.bxc5 gxf4 37.cxd6 Qg5+ 38.Kh2 Rxc4 39.Bxc4 Ne5 40.Qc3 1-0

[Event "5th North Sea Cup"]
[Site "Esbjerg DEN"]
[Date "1980.07.??"]
[Round "13"]
[White "Csom, Istvan"]
[Black "Mortensen, Erling"]
[Result "1/2-1/2"]
[WhiteElo "2510"]
[BlackElo "2400"]
[EventDate "1980.07.04"]
[PlyCount "71"]

1.Nf3 Nf6 2.c4 g6 3.b4 Bg7 4.Bb2 O-O 5.e3 d6 6.Be2 e5 7.d3 a5 8.a3 e4 9.
dxe4 Nxe4 10.Bxg7 Kxg7 11.Qd4+ Qf6 12.Nbd2 Nc3 13.b5 Qxd4 14.Nxd4 Nd7 15.
Rc1 Nxe2 16.Kxe2 b6 17.Rhd1 Bb7 18.N2f3 Rae8 19.Kf1 Ne5 20.Nxe5 Rxe5 21.
Ne2 g5 22.Nc3 Rc5 23.Na4 Re5 24.Nc3 Rc5 25.Rd4 Re8 26.Na4 Rce5 27.Rcd1 f5 
28.Nc3 Rc5 29.Na4 Rce5 30.Nc3 Kf6 31.Rc1 Rc5 32.Na4 Rce5 33.Nc3 Rc5 34.
Rcd1 Rce5 35.Rc1 Rc5 36.Rcd1 1/2-1/2

[Event "5th North Sea Cup"]
[Site "Esbjerg DEN"]
[Date "1980.07.??"]
[Round "13"]
[White "Fuller, Maxwell"]
[Black "Kristiansen, Jens"]
[Result "1-0"]
[WhiteElo "2355"]
[BlackElo "2430"]
[EventDate "1980.07.04"]
[PlyCount "105"]

1.e4 c5 2.g3 Nc6 3.Bg2 g6 4.Ne2 Bg7 5.c3 e5 6.d3 Nge7 7.O-O O-O 8.Be3 d6 
9.a3 Be6 10.b4 b6 11.b5 Nb8 12.c4 a6 13.Nbc3 axb5 14.Nxb5 Nbc6 15.Rb1 Nd4 
16.Nexd4 cxd4 17.Bd2 Nc6 18.f4 f6 19.f5 Bf7 20.h4 Na7 21.a4 Nxb5 22.Rxb5 
Be8 23.Rb4 Ra6 24.Qb3 Kh8 25.Rb1 Bc6 26.Bh3 Qe8 27.Rxb6 Bxa4 28.Qa3 Ra8 
29.Qc1 Rg8 30.Rxd6 gxf5 31.Bxf5 Bf8 32.Rxf6 Rxg3+ 33.Kh2 Rg7 34.Bg5 Qh5 
35.Qd2 Be7 36.Rg1 Rag8 37.Bh3 Rxg5 38.Rxg5 Rxg5 39.Qxg5 Qxg5 40.hxg5 Bxf6 
41.gxf6 Bc2 42.Be6 Bxd3 43.Bd5 h6 44.c5 Ba6 45.c6 d3 46.Bf7 d2 47.Bh5 Bc8 
48.Kg3 Kg8 49.c7 Kf8 50.Kf2 Ba6 51.Ke3 d1=Q 52.Bxd1 Kf7 53.Bg4 1-0

[Event "5th North Sea Cup"]
[Site "Esbjerg DEN"]
[Date "1980.07.??"]
[Round "13"]
[White "Savon, Vladimir"]
[Black "Sloth, Joern"]
[Result "1-0"]
[WhiteElo "2510"]
[BlackElo "2385"]
[EventDate "1980.07.04"]
[PlyCount "63"]

1.Nf3 Nf6 2.g3 d5 3.Bg2 c6 4.O-O Bg4 5.d3 Nbd7 6.Nbd2 e6 7.h3 Bh5 8.e4 Be7
9.Qe2 O-O 10.Re1 dxe4 11.dxe4 e5 12.a4 Re8 13.Qc4 Qc7 14.Nh4 Bf8 15.Nb3 
Nb6 16.Qc3 Nfd7 17.a5 Nc8 18.Nf5 Bg6 19.Be3 Nd6 20.Nxd6 Bxd6 21.Red1 Red8 
22.f3 Nf8 23.Nc5 b6 24.Na6 Qb7 25.Nb4 Rac8 26.axb6 axb6 27.Bf1 b5 28.Rxd6 
Rxd6 29.Ra7 Qb8 30.Na6 b4 31.Qc5 Ne6 32.Qa5 1-0

[Event "5th North Sea Cup"]
[Site "Esbjerg DEN"]
[Date "1980.07.??"]
[Round "13"]
[White "Fries-Nielsen, Niels Joergen"]
[Black "Mestel, Andrew Jonathan"]
[Result "0-1"]
[WhiteElo "2315"]
[BlackElo "2485"]
[EventDate "1980.07.04"]
[PlyCount "76"]

1.e4 c5 2.Nf3 d6 3.b4 cxb4 4.d4 Nf6 5.Bd3 e6 6.O-O Be7 7.a3 Nc6 8.Re1 d5 
9.e5 Nd7 10.axb4 Nxb4 11.Bb5 Qb6 12.Na3 O-O 13.c3 Nc6 14.Bd3 f6 15.Ng5 
fxg5 16.Qh5 Rf5 17.Bxf5 exf5 18.Qf3 Nf8 19.Qxd5+ Be6 20.Qb5 Qd8 21.Qxb7 
Na5 22.Qa6 Bc8 23.Qb5 a6 24.Qa4 Bd7 25.Qd1 Be6 26.Rb1 Ng6 27.Nc2 Nc4 28.
Nb4 Bxb4 29.Rxb4 g4 30.Qa4 Qd5 31.g3 Qf3 32.Qd1 Qxc3 33.Rb3 Qa5 34.d5 Qxd5
35.Rd3 Qa5 36.Bf4 Re8 37.Rb3 Ncxe5 38.Bxe5 Nxe5 0-1

[Event "5th North Sea Cup"]
[Site "Esbjerg DEN"]
[Date "1980.07.??"]
[Round "13"]
[White "Jakobsen, Ole"]
[Black "Plachetka, Jan"]
[Result "1/2-1/2"]
[WhiteElo "2410"]
[BlackElo "2480"]
[EventDate "1980.07.04"]
[PlyCount "91"]

1.d4 Nf6 2.c4 e6 3.Nf3 b6 4.a3 Bb7 5.Nc3 Ne4 6.Nxe4 Bxe4 7.e3 c5 8.Bd3 Bb7
9.O-O Be7 10.Re1 O-O 11.d5 d6 12.e4 Nd7 13.Bf4 e5 14.Bd2 Bc8 15.b4 Nf6 16.
bxc5 bxc5 17.Qa4 Bg4 18.Ba5 Qc8 19.Nd2 Nh5 20.Qc6 Qxc6 21.dxc6 Nf4 22.Bc2 
Ne2+ 23.Kf1 Nd4 24.Ba4 Rac8 25.c7 Bg5 26.Ra2 Be6 27.Rc1 f5 28.exf5 Bxf5 
29.Rc3 Rf7 30.Nf3 Bf6 31.Nxd4 cxd4 32.Rb3 Be6 33.Rc2 Rfxc7 34.Bxc7 Rxc7 
35.Ke1 Kf7 36.Bb5 e4 37.Ba6 d3 38.Rc1 d2+ 39.Kxd2 Bg5+ 40.Re3 Kf6 41.Rc3 
Ke5 42.Kc2 Bxe3 43.fxe3 Rf7 44.Kb2 Rf1 45.c5 Rf2+ 46.Kc1 1/2-1/2